| 000 | 00966nam a2200241 i 4500 | ||
|---|---|---|---|
| 001 | 56803 | ||
| 003 | ES-MaACL | ||
| 005 | 20250808084929.0 | ||
| 007 | t| | ||
| 008 | 031013s1923 sp ||||1| spa d | ||
| 040 | _cES-MaACL | ||
| 100 | 1 |
_aDiego y Gutiérrez, Felipe Clemente de, _d1866-1945 _eaut _9234641 |
|
| 245 | 1 | 0 |
_aCurso elemental de derecho civil español común y foral / _ccon arreglo a las explicaciones de Felipe Clemente de Diego. |
| 260 |
_aMadrid : _b[s.n., _c1923] _f(Tall. Poligráficos) |
||
| 300 |
_a6 v. ; _c23 cm. |
||
| 505 | _aV. I: Introducción. Parte general -- v. II: Parte general -- v. III: Parte especial -- v. IV: Derecho de obligaciones -- v. V: Derecho de obligaciones -- v. VI: Derecho de familia | ||
| 650 | 4 |
_aDerecho civil- _zEspaña _911659 |
|
| 650 | 4 |
_912991 _aFueros- _zEspaña |
|
| 852 |
_aES-MaACL _jB-5468-73 |
||
| 942 |
_cMONOGRAFIA _n0 |
||
| 999 |
_c56803 _d56803 |
||